000 00320 a2200145 4500
001 180172
020 _a
040 _cMagnum
100 _aDinorah, Maria
240 1 0 _aPanela no fogo, barriga vazia
_lpor
245 1 0 _aPanela no fogo, barriga vazia
362 0 _a1899
697 _aMAGNITO: IJ/POESIA
942 _cBK
999 _c180172
_d180172